Statistics for Asian Landforms

Click here to take the quiz!

General Stats

  • This quiz has been taken 54 times
    (44 since last reset)
  • The average score is 21 of 30

Answer Stats

HintAnswer% Correct
Sometimes in EuropeCyprus
92%
Tallest in the WorldHimalayas
92%
Tokyo is hereHonshu
92%
Deepest in the WorldLake Baikal
92%
Moses supposedly split itRed Sea
92%
Largest in the WorldCaspian Sea
88%
Saltiest in the WorldDead Sea
88%
Split into North and SouthKorean
88%
Formerly CeylonSri Lanka
88%
Has three countries on itBorneo
85%
Was given from Israel to EgyptSinai
81%
Cradle of Civilization in ChinaYellow
81%
Almost DisappearedAral Sea
77%
Connects the Black and Caspian SeasCaucasus
77%
Holy to HinduismGanges
77%
Most of TurkeyAnatolia
73%
Largest in the WorldArabian
73%
East of IndiaBay of Bengal
73%
Longest in PakistanIndus
73%
Ho Chi Minh City is HereMekong
73%
North of MesopotamiaTigris
73%
Popular Tourist Spot for Saudi ArabiansBahrain
69%
Named for the two countries it is betweenIndochina
69%
Has the Spratly Islands in itSouth China Sea
58%
South of IstanbulSea of Marmara
54%
West of ThailandAndaman Sea
50%
The Khyber Pass goes through these mountainsHindu Kush
38%
Salt Lake in KazakhstanLake Balkhash
27%
Located in Western IranZagros
19%
Along the East Coast of IndiaEastern Ghats
15%

Score Distribution

Percentile by Number Answered

Percent of People with Each Score

Your Score History

You have not taken this quiz since the last reset